000 00774nam a22002177a 4500
003 OSt
005 20260623103936.0
008 260623b |||||||| |||| 00| 0 eng d
020 _a1556201516
040 _cChuka university library
100 _aCapuzzi David
_930684
245 _aYouth at risk
_ba prevention resource for counselors, teachers and parents
260 _aStevenson avenue, Alexandria
_bAmerican counselling association
_c1995
300 _avarious pagings
650 _aSocially handicapped youth-united states
_930685
650 _aYouth counselling of -united states
_930686
650 _aDeviant behaviour
_930687
650 _aAdolescent psychopathology -united states
_930688
650 _aDropout behavior ,prediction
_930689
942 _2lcc
_cBK
_n0
999 _c24978
_d24978